1256 1970 1100 1305 1315 1434 1782 1054 1032 1303 1287 1524 1908 1046 1356 1850 1027 1488 1953 1608 1776 1831 1625 1902 1684 1496 1125 1797 1347 1502 1347 1316 1170 1503 1597 1391 1152 1929 1106 1434 1035 1761 1951 1195 1401 1000 1047 1123 1119 1340 1738 1088 1953 1667 1848 1849 1031 1044 1168 1279 1937 1318 1596 1202 1068 1432 1273 1695 1537 1284 1463 1267 1743 1477 1552 1481 1036 1472 1240 1348 1217 1114 1300 1717 1171 1221 1133 1128 1801 1788 1362 1840 1067 1031 1988 1617 1160 1695 1540 BCNSPRNW ULIB Ver.6.0+V

เปลี่ยนเป็นภาษาไทย

Change to English
 แสดงรายละเอียดบรรณานุกรม
  กลับหน้าหลัก

Brief Record : Get Marc (ISO 2709) : E-mail record : QR code < ปิดหน้าต่าง
LEADER : 00000nam a2200000Ia 4500
001    13399126042
003     ULIB
008    160407s2558 th 000 0 tha d
020    ^a9786165470728
040    ^absc
050  4 ^aPE1114^bส779ต
100 0  ^aสุทิน พูลสวัสดิ์
245 10 ^aเตรียมสอบ CU-TEP Chulalongkorn University Test of EnglishProficiency :^bภาษาอังกฤษเข้าจุฬาลงกรณ์มหาวิทยาลัย /^cSutinPoolsawad
246 30 ^aภาษาอังกฤษเข้าจุฬาลงกรณ์มหาวิทยาลัย
246 31 ^aChulalongkorn University Test of English Proficiency
246 31 ^aThe best test preparation for CU-TEP
250    ^aพิมพ์ครั้งที่ 6
260    ^aกรุงเทพฯ :^bศูนย์หนังสือ ที.จี.อาร์.อี,^c2558
300    ^a264 หน้า ;^c26 ซม. +^eซีดีรอม 1 แผ่น
610 24 ^aจุฬาลงกรณ์มหาวิทยาลัย^xการสอบคัดเลือก^vข้อสอบและเฉลย
650  0 ^aEnglish language^xExaminations
650  0 ^aEnglish language^vExaminations, questions, etc.
650  0 ^aEnglish language^vTextbooks for foreign speakers
650  4 ^aภาษาอังกฤษ^xการสอบ
650  4 ^aภาษาอังกฤษ^vข้อสอบและเฉลย
650  4 ^aภาษาอังกฤษ^vตำราสำหรับชนต่างชาติ
700 0  ^aSutin Poolsawad
910    ^aSend to UC
945    ^p440^l0^i25838
995    ^aกัณชพร
999    ^aกัณชพร
รายการนี้ยังไม่มีแท็ก
คุณยังไม่ได้ล็อกอิน คุณสามารถมีกิจกรรมร่วมกับเว็บไซต์ได้ แต่ต้องล็อกอินก่อน ::
  ล็อกอิน

รายการสื่อสารสนเทศ

ลำดับที่ ประเภท เลขเรียก/บาร์โค้ด สถานที่ สถานะ
1. วิทยาศาสตร์การแพทย์ และสุขภาพ
วิทยาศาสตร์การแพทย์ และสุขภาพ
PE1114 ส779ต ฉ.1 
  Barcode: 25838
ห้องสมุดวิทยาเขตสวรรค์ประชารักษ์
►หนังสือทั่วไป
บนชั้น

รายการใกล้เคียง
    ผู้แต่ง [สุทิน พูลสวัสดิ์]

BibComment


ยังไม่เคยถูกคอมเมนท์

คอมเมนท์ทรัพยากรรายการนี้
  คอมเมนท์: เตรียมสอบ CUTEP ..


 Copyright 2026. Bcnsprnw @Library